| 000 | 00380nam a22001697a 4500 | ||
|---|---|---|---|
| 005 | 20160531170340.0 | ||
| 008 | 160531b xxu||||| |||| 00| 0 eng d | ||
| 020 | _a81-7554-250-0 | ||
| 041 | _aeng | ||
| 082 | _b6495 | ||
| 100 |
_aJacob, Nina _91625 |
||
| 245 | _aIntercultural Management | ||
| 260 |
_bKogan _c2004 |
||
| 300 | _a238 | ||
| 650 |
_aManagement _9241 |
||
| 942 | _cBK | ||
| 999 |
_c2285 _d2284 |
||